000 00543nam a2200193 a 4500
999 _c4031
_d4031
005 20200526124150.0
008 140313b2003 ck ||||| |||| 00| 0 spa d
040 _aCO-BoIAVH
_cCO-BoIAVH
041 _aspa
044 _ack
082 _a363.7285
090 _aLB
_b03731
110 _bProcuraduría General de la Nación
_93184
245 _aInforme de seguimiento gestión de residuos sólidos en Colombia
260 _aBogotá
_bProcuraduría General de la Nación
_c2003
300 _a233 p.
942 _cLIBRO
_2z
945 _d2004-08-11